<?xml version="1.0" encoding="UTF-8"?>
<record
    xmlns:xsi="http://www.w3.org/2001/XMLSchema-instance"
    xsi:schemaLocation="http://www.loc.gov/MARC21/slim http://www.loc.gov/standards/marcxml/schema/MARC21slim.xsd"
    xmlns="http://www.loc.gov/MARC21/slim">

  <leader>02377    a2200217   4500</leader>
  <controlfield tag="001">43816</controlfield>
  <controlfield tag="005">20260407155719.0</controlfield>
  <controlfield tag="008">260407a1967    arg                 spa d</controlfield>
  <controlfield tag="003">AR-UNSa-BCEJYS</controlfield>
  <datafield tag="040" ind1=" " ind2=" ">
    <subfield code="a">AR-UNSa-BCEJYS</subfield>
    <subfield code="b">spa</subfield>
    <subfield code="c">AR-UNSa-BCEJYS</subfield>
  </datafield>
  <datafield tag="080" ind1=" " ind2=" ">
    <subfield code="a">330.1</subfield>
    <subfield code="x">Ciencia econ&#xF3;mica. Conceptos fundamentales de teor&#xED;a econ&#xF3;mica. Valor. Capital. Fondos</subfield>
  </datafield>
  <datafield tag="245" ind1="1" ind2="0">
    <subfield code="a">Teor&#xED;a econ&#xF3;mica</subfield>
  </datafield>
  <datafield tag="250" ind1=" " ind2=" ">
    <subfield code="a">6a. ed.</subfield>
  </datafield>
  <datafield tag="264" ind1=" " ind2="1">
    <subfield code="a">Madrid :</subfield>
    <subfield code="b">Aguilar</subfield>
    <subfield code="c">1967</subfield>
  </datafield>
  <datafield tag="300" ind1=" " ind2=" ">
    <subfield code="a">3 v. (512 ; 319 ; 409 p.)</subfield>
    <subfield code="c">21 cm.</subfield>
  </datafield>
  <datafield tag="505" ind1=" " ind2=" ">
    <subfield code="a">Vol. I: Parte I: Teor&#xED;a de la circulaci&#xF3;n econ&#xF3;mica: 1. Proceso productivo y orden econ&#xF3;mico - 2. La cuenta de patrimonio de las unidades econ&#xF3;micas en la econom&#xED;a de tr&#xE1;fico - 3. Resultado del desarrollo temporal del proceso econ&#xF3;mico en una econom&#xED;a de tr&#xE1;fico cerrada sin actividad estatal - 4. Resultado del desarrollo temporal del proceso econ&#xF3;mico en una econom&#xED;a de tr&#xE1;fico abierta sin actividad estatal  - 5. Resultado del desarrollo temporal del proceso econ&#xF3;mico en una econom&#xED;a de tr&#xE1;fico con actividad del Estado - 6.Contabilidad nacional - Parte II: Plan econ&#xF3;mico y equilibrio: 1. El pla econ&#xF3;mico de la unidad econ&#xF3;mica de consumo - 2. El plan econ&#xF3;mico de la empresa de producci&#xF3;n - 3. Est&#xE1;tica y din&#xE1;mica en la teor&#xED;a econ&#xF3;mica - 4. El problema del equilibrio en una econom&#xED;a cerrada -- Vol. II: Parte III: Teor&#xED;a del dinero, del cr&#xE9;dito, de la renta nacional y de la ocupaci&#xF3;n: 1. Los medios de pago en la econom&#xED;a actual - 2. Creaci&#xF3;n y destrucci&#xF3;n del dinero - 3. Determinantes de la renta nacional y de sus fluctuaciones -- Vol. III: Parte IV: Cap&#xED;tulos escogidos de la historia de las doctrinas econ&#xF3;micas: 1. Etapas del desarrollo de la teor&#xED;a de la circulaci&#xF3;n - 2. Etapas del desarrollo de la teor&#xED;a de los precios y de la teor&#xED;a del equilibrio econ&#xF3;mico hasta 1870 - 3. El nacimiento del marginalismo - 4. Los or&#xED;genes del marginalismo - 5. Nueva orientaci&#xF3;n de la teor&#xED;a de los precios por la teor&#xED;a subjetiva del valor - 6. La escuela hist&#xF3;rica alemana y la controversia del m&#xE9;todo - 7. La evoluci&#xF3;n de la teor&#xED;a en Inglaterra por influjo de Alfred Marshall - 8. Etapas del desarrollo de la teor&#xED;a de las formas de mercado y de las formas de comportamiento econ&#xF3;mico.  </subfield>
  </datafield>
  <datafield tag="041" ind1=" " ind2=" ">
    <subfield code="a">spa</subfield>
  </datafield>
  <datafield tag="942" ind1=" " ind2=" ">
    <subfield code="c">BK</subfield>
  </datafield>
  <datafield tag="590" ind1=" " ind2=" ">
    <subfield code="a">niveau_biblio:m niveau_hierar:0</subfield>
  </datafield>
  <datafield tag="100" ind1="1" ind2=" ">
    <subfield code="a">Schneider, Erich</subfield>
  </datafield>
  <datafield tag="999" ind1=" " ind2=" ">
    <subfield code="c">3724</subfield>
    <subfield code="d">3724</subfield>
  </datafield>
  <datafield tag="952" ind1=" " ind2=" ">
    <subfield code="0">0</subfield>
    <subfield code="1">0</subfield>
    <subfield code="4">0</subfield>
    <subfield code="7">0</subfield>
    <subfield code="a">BCEJYS</subfield>
    <subfield code="b">BCEJYS</subfield>
    <subfield code="c">16</subfield>
    <subfield code="d">2026-04-07</subfield>
    <subfield code="l">0</subfield>
    <subfield code="o">330.1 S358 v.1 6ed.</subfield>
    <subfield code="p">L22919</subfield>
    <subfield code="r">2026-04-07 15:57:19</subfield>
    <subfield code="w">2026-04-07</subfield>
    <subfield code="y">L</subfield>
  </datafield>
  <datafield tag="952" ind1=" " ind2=" ">
    <subfield code="0">0</subfield>
    <subfield code="1">0</subfield>
    <subfield code="4">0</subfield>
    <subfield code="7">0</subfield>
    <subfield code="a">BCEJYS</subfield>
    <subfield code="b">BCEJYS</subfield>
    <subfield code="c">16</subfield>
    <subfield code="d">2026-04-07</subfield>
    <subfield code="l">0</subfield>
    <subfield code="o">330.1 S358 v.1 6ed.</subfield>
    <subfield code="p">L22922</subfield>
    <subfield code="r">2026-04-07 15:57:19</subfield>
    <subfield code="w">2026-04-07</subfield>
    <subfield code="y">L</subfield>
  </datafield>
  <datafield tag="952" ind1=" " ind2=" ">
    <subfield code="0">0</subfield>
    <subfield code="1">0</subfield>
    <subfield code="4">0</subfield>
    <subfield code="7">0</subfield>
    <subfield code="a">BCEJYS</subfield>
    <subfield code="b">BCEJYS</subfield>
    <subfield code="c">16</subfield>
    <subfield code="d">2026-04-07</subfield>
    <subfield code="l">0</subfield>
    <subfield code="o">330.1 S358 v.2 5ed.</subfield>
    <subfield code="p">L22923</subfield>
    <subfield code="r">2026-04-07 15:57:19</subfield>
    <subfield code="w">2026-04-07</subfield>
    <subfield code="y">L</subfield>
  </datafield>
  <datafield tag="952" ind1=" " ind2=" ">
    <subfield code="0">0</subfield>
    <subfield code="1">0</subfield>
    <subfield code="4">0</subfield>
    <subfield code="7">0</subfield>
    <subfield code="a">BCEJYS</subfield>
    <subfield code="b">BCEJYS</subfield>
    <subfield code="c">16</subfield>
    <subfield code="d">2026-04-07</subfield>
    <subfield code="l">0</subfield>
    <subfield code="o">330.1 S358 v.2 5ed.</subfield>
    <subfield code="p">L22920</subfield>
    <subfield code="r">2026-04-07 15:57:19</subfield>
    <subfield code="w">2026-04-07</subfield>
    <subfield code="y">L</subfield>
  </datafield>
  <datafield tag="952" ind1=" " ind2=" ">
    <subfield code="0">0</subfield>
    <subfield code="1">0</subfield>
    <subfield code="4">0</subfield>
    <subfield code="7">0</subfield>
    <subfield code="a">BCEJYS</subfield>
    <subfield code="b">BCEJYS</subfield>
    <subfield code="c">16</subfield>
    <subfield code="d">2026-04-07</subfield>
    <subfield code="l">0</subfield>
    <subfield code="o">330.1 S358 v.3</subfield>
    <subfield code="p">L22924</subfield>
    <subfield code="r">2026-04-07 15:57:19</subfield>
    <subfield code="w">2026-04-07</subfield>
    <subfield code="y">L</subfield>
  </datafield>
  <datafield tag="952" ind1=" " ind2=" ">
    <subfield code="0">0</subfield>
    <subfield code="1">0</subfield>
    <subfield code="4">0</subfield>
    <subfield code="7">0</subfield>
    <subfield code="a">BCEJYS</subfield>
    <subfield code="b">BCEJYS</subfield>
    <subfield code="c">16</subfield>
    <subfield code="d">2026-04-07</subfield>
    <subfield code="l">0</subfield>
    <subfield code="o">330.1 S358 v.3</subfield>
    <subfield code="p">L22921</subfield>
    <subfield code="r">2026-04-07 15:57:19</subfield>
    <subfield code="w">2026-04-07</subfield>
    <subfield code="y">L</subfield>
  </datafield>
</record>
